[Event "Coria del Rio op 12th"]
[Site "Coria del Rio"]
[Date "2006.02.13"]
[Round "6"]
[White "Carrabeo Garcia, Manuel"]
[Black "Melero Fidalgo, Juan de Dios"]
[Result "1/2-1/2"]
[WhiteElo "2135"]
[BlackElo "2195"]
[PlyCount "84"]
[EventDate "2006.02.08"]
[EventType "swiss"]
[EventRounds "7"]
[EventCountry "ESP"]
[SourceTitle "CBM 110 Extra"]
[Source "ChessBase"]
[SourceDate "2006.03.10"]
[SourceVersion "2"]
[SourceVersionDate "2006.03.10"]
[SourceQuality "1"]

1. d4 Nf6 2. Nf3 e6 3. e3 b6 4. Bd3 Bb7 5. Nbd2 c5 6. c3 Be7 7. 0-0 d6 8. e4 cxd4 9. cxd4 Nbd7 10. Qe2 Nh5 11. g3 g6 12. b4 d5 13. exd5 Bxd5 14. Ne4 0-0 15. Bh6 Ng7 16. Ne5 Nf6 17. b5 Nxe4 18. Bxe4 Re8 19. Bxg7 Bxe4 20. Qxe4 Kxg7 21. Rac1 Bf6 22. Rc6 a6 23. Rfc1 axb5 24. Rc7 Bxe5 25. Qxe5+ Qf6 26. Rb7 Qxe5 27. dxe5 Reb8 28. Rxb8 Rxb8 29. Rb1 Ra8 30. Rxb5 Ra6 31. Rb2 g5 32. g4 Kf8 33. Rb4 Rxa2 34. Rxb6 Ra5 35. Rb8+ Kg7 36. Rb3 Rxe5 37. Kg2 Re4 38. Kf3 Rc4 39. Ra3 h5 40. gxh5 Rh4 41. Kg3 f5 42. Ra7+ Kf6 1/2-1/2

[Event "Dos Hermanas-D"]
[Site "Dos Hermanas"]
[Date "2005.04.04"]
[Round "4"]
[White "Gallardo Fernandez, Cesar"]
[Black "Melero Fidalgo, Juan de Dios"]
[Result "1/2-1/2"]
[WhiteElo "2162"]
[BlackElo "2207"]
[PlyCount "29"]
[EventDate "2005.04.01"]
[EventType "tourn"]
[EventRounds "9"]
[EventCountry "ESP"]
[SourceTitle "CBM 105 Extra"]
[Source "ChessBase"]
[SourceDate "2005.05.01"]
[SourceVersion "1"]
[SourceVersionDate "2005.05.01"]
[SourceQuality "1"]

1. e4 e5 2. Nf3 Nf6 3. Nxe5 d6 4. Nf3 Nxe4 5. d4 Be7 6. Bd3 Nf6 7. 0-0 0-0 8. c4 Bg4 9. Nc3 Nbd7 10. Re1 Re8 11. Bf4 c6 12. h3 Bh5 13. Re3 Nf8 14. Bg3 a6 15. a4 1/2-1/2

[Event "Dos Hermanas-D"]
[Site "Dos Hermanas"]
[Date "2005.04.03"]
[Round "3"]
[White "Melero Fidalgo, Juan de Dios"]
[Black "Alanis Honrado, Sergio"]
[Result "1-0"]
[WhiteElo "2207"]
[BlackElo "2000"]
[PlyCount "57"]
[EventDate "2005.04.01"]
[EventType "tourn"]
[EventRounds "9"]
[EventCountry "ESP"]
[SourceTitle "CBM 105 Extra"]
[Source "ChessBase"]
[SourceDate "2005.05.01"]
[SourceVersion "1"]
[SourceVersionDate "2005.05.01"]
[SourceQuality "1"]

1. e4 e6 2. d4 d5 3. Nc3 Bb4 4. e5 c5 5. Bd2 Nh6 6. Nb5 Bxd2+ 7. Qxd2 0-0 8. dxc5 Nc6 9. f4 b6 10. Nd4 Nxd4 11. Qxd4 Nf5 12. Qf2 Qe7 13. c6 Qc5 14. Nf3 Qxc6 15. Bd3 a5 16. 0-0-0 Qa4 17. g3 Ba6 18. Bxf5 exf5 19. Kb1 Qb5 20. Nd4 Qc5 21. g4 fxg4 22. h3 b5 23. hxg4 a4 24. Qh2 h6 25. Nf5 Qb6 26. g5 a3 27. gxh6 g6 28. h7+ Kh8 29. Qh6 1-0

[Event "Dos Hermanas-D"]
[Site "Dos Hermanas"]
[Date "2005.04.02"]
[Round "2"]
[White "Beletsky, Alexey"]
[Black "Melero Fidalgo, Juan de Dios"]
[Result "1-0"]
[WhiteElo "2372"]
[BlackElo "2207"]
[PlyCount "65"]
[EventDate "2005.04.01"]
[EventType "tourn"]
[EventRounds "9"]
[EventCountry "ESP"]
[SourceTitle "CBM 105 Extra"]
[Source "ChessBase"]
[SourceDate "2005.05.01"]
[SourceVersion "1"]
[SourceVersionDate "2005.05.01"]
[SourceQuality "1"]

1. e4 c5 2. Nf3 e6 3. d3 Nc6 4. g3 g6 5. Bg2 Bg7 6. 0-0 Nge7 7. Re1 d6 8. c3 0-0 9. Nbd2 a5 10. a4 b6 11. Nc4 Ba6 12. Ne3 Ne5 13. Nxe5 dxe5 14. Bf1 Qc7 15. Qb3 Rad8 16. Nc4 Nc8 17. f4 Bxc4 18. Qxc4 exf4 19. Bxf4 e5 20. Bg5 Rde8 21. b4 Nd6 22. Qd5 Nb7 23. bxa5 Nxa5 24. Reb1 Re6 25. Qa2 c4 26. dxc4 Rc6 27. c5 bxc5 28. Bc4 Nxc4 29. Qxc4 Ra8 30. Rb5 h6 31. Be3 Bf8 32. Rab1 Rca6 33. Rb7 1-0

[Event "Seville op 30th"]
[Site "Seville"]
[Date "2005.01.10"]
[Round "4"]
[White "Parligras, Mircea Emilian"]
[Black "Melero Fidalgo, Juan de Dios"]
[Result "1-0"]
[WhiteElo "2559"]
[BlackElo "2202"]
[PlyCount "59"]
[EventDate "2005.01.07"]
[EventType "swiss"]
[EventRounds "9"]
[EventCountry "ESP"]
[SourceTitle "CBM 104 Extra"]
[Source "ChessBase"]
[SourceDate "2005.03.01"]
[SourceVersion "1"]
[SourceVersionDate "2005.03.01"]
[SourceQuality "1"]

1. e4 c5 2. Nf3 e6 3. d4 cxd4 4. Nxd4 a6 5. Nc3 b5 6. Bd3 Bb7 7. 0-0 Qb6 8. Be3 Bc5 9. Qg4 Ne7 10. Nce2 Ng6 11. b4 Bxb4 12. Nxb5 Bc5 13. Nbd4 d6 14. Rab1 Qc7 15. e5 Nd7 16. Nxe6 fxe6 17. Qxe6+ Kd8 18. exd6 Qc6 19. Rxb7 Qxb7 20. Be4 Qa7 21. Bxa8 Qxa8 22. Bxc5 Nxc5 23. Qc4 Qc8 24. Nd4 Re8 25. d7 Kxd7 26. Qd5+ Ke7 27. Nf5+ Kf8 28. Nd6 Qc7 29. Nxe8 Kxe8 30. Re1+ 1-0

[Event "Seville op 30th"]
[Site "Seville"]
[Date "2005.01.09"]
[Round "3"]
[White "Melero Fidalgo, Juan de Dios"]
[Black "Fernandez Romero, Ernesto"]
[Result "1/2-1/2"]
[WhiteElo "2202"]
[BlackElo "2471"]
[PlyCount "65"]
[EventDate "2005.01.07"]
[EventType "swiss"]
[EventRounds "9"]
[EventCountry "ESP"]
[SourceTitle "CBM 104 Extra"]
[Source "ChessBase"]
[SourceDate "2005.03.01"]
[SourceVersion "1"]
[SourceVersionDate "2005.03.01"]
[SourceQuality "1"]

1. e4 e6 2. d4 d5 3. Nc3 Bb4 4. e5 c5 5. Bd2 Nh6 6. Nb5 Bxd2+ 7. Qxd2 0-0 8. dxc5 Nc6 9. Nf3 b6 10. Nbd4 Nxd4 11. Qxd4 Nf5 12. Qb4 Qe7 13. Bd3 bxc5 14. Qa3 a5 15. 0-0-0 Nh6 16. h3 Ba6 17. Bxa6 Rxa6 18. c4 Qb7 19. cxd5 exd5 20. Qb3 Qxb3 21. axb3 d4 22. Kc2 a4 23. bxa4 Rxa4 24. Ra1 Rc4+ 25. Kd3 Rb4 26. Ra2 g6 27. Rc1 Rb3+ 28. Ke4 Rb5 29. g4 Rd8 30. Rc2 f5+ 31. exf6 Nf7 32. Kd3 c4+ 33. Kxc4 1/2-1/2